| 000 | 00616nam a2200181 i 4500 | ||
|---|---|---|---|
| 001 | 96448 | ||
| 003 | ES-MaACL | ||
| 005 | 20230906181921.0 | ||
| 007 | t| | ||
| 008 | 050627s1966 sp ||||1| spa d | ||
| 100 | 1 |
_aMagnus-Hannaford, R. G. _975503 |
|
| 245 | 1 | 3 |
_aLa venta y el arte de vender / _cR. G. Magnus-Hannaford; traducción José Rovira Sánchez; revisión A. García-Martín Suárez. |
| 260 |
_aBarcelona : _bSagitario, _c1966. |
||
| 300 |
_a131 p. ; _c19 cm. |
||
| 700 | 1 |
_aRovira Sánchez, José. _9100155 |
|
| 700 | 1 |
_aGarcía-Martín Suárez, Antonio. _954905 |
|
| 852 |
_aES-MaACL _jC-29933 _bR.60190 |
||
| 999 |
_c96448 _d96448 |
||